[Event "15th Heraklion Open"]
[Site "Athens GRE"]
[Date "2012.06.14"]
[Round "6.3"]
[White "Marountas,I"]
[Black "Gogolis,A"]
[Result "0-1"]
[WhiteElo "2135"]
[BlackElo "2257"]

1.c4 c6 2.g3 d5 3.Bg2 Nf6 4.Nf3 Bg4 5.Ne5 Be6 6.cxd5 Bxd5 7.Nf3 e6 8.Nc3 Bc5
9.Nxd5 cxd5 10.O-O Nc6 11.d4 Be7 12.Qb3 Qb6 13.Qxb6 axb6 14.Bg5 Ne4 15.Bxe7 Kxe7
16.Rfc1 Ra4 17.e3 Rha8 18.a3 f6 19.Bf1 Nd6 20.Nd2 Kd7 21.Rc3 b5 22.Nb3 b6
23.Rac1 Rc8 24.Nd2 Ne7 25.Nb1 b4 26.Rxc8 Nexc8 27.b3 Ra8 28.axb4 Ra1 29.Rd1 Ne7
30.Nc3 Ra3 31.Rb1 Nc6 32.Bb5 Nxb5 33.Nxb5 Ra2 34.Nc3 Rc2 35.Na4 Kc7 36.b5 Na7
37.Nb2 Nxb5 38.Nd3 Kd6 39.Rb2 Rc3 40.Nb4 g5 41.Kf1 Rc1+ 42.Ke2 Rh1 43.Rc2 Na7
44.Na2 Rxh2 45.Nc3 Rh1 46.Na4 Rb1 47.Nxb6 Rxb3 48.Nc8+ Nxc8 49.Rxc8 Rb2+
50.Kf3 g4+ 51.Kg2 Rb7 52.Rd8+ Rd7 53.Rf8 f5 54.Re8 Rg7 55.Kh2 Kd7 56.Rh8 Ke7
57.Kg2 Kf7 58.Ra8 Kg6 59.Re8 Kf6 60.Rf8+ Rf7 61.Rg8 Rg7 62.Rf8+ Kg5 63.Re8 Rg6
64.Rh8 h5 65.Rf8 Rh6 66.Rg8+ Kf6 67.Rf8+ Kg7 68.Re8 Kf7 69.Ra8 h4 70.gxh4 Rxh4
71.Ra7+ Kf6 72.Ra8 Rh3 73.Rf8+ Kg7 74.Re8 Kf7 75.Ra8 Rf3 76.Ra7+ Kf6 77.Rh7 f4
78.Rh6+ Kf5 79.Rh5+ Ke4 80.Rg5 fxe3 81.Rxg4+ Rf4 82.f3+ Kf5 83.Kg3 Rxg4+
84.fxg4+ Kg5 85.Kf3 e2  0-1

[Event "16th Voronezh Master Open"]
[Site "Voronezh RUS"]
[Date "2012.06.14"]
[Round "3.2"]
[White "Romanov,E"]
[Black "Kornev,Alexei"]
[Result "1/2-1/2"]
[WhiteElo "2631"]
[BlackElo "2542"]

1.c4 c6 2.Nf3 d5 3.d4 dxc4 4.e3 Be6 5.a4 Nf6 6.Na3 c5 7.Nxc4 Nc6 8.Nce5 Nxe5
9.Nxe5 a6 10.a5 cxd4 11.Qa4+ Bd7 12.Qxd4 e6 13.Nxd7 Qxd7 14.Qxd7+ Kxd7 15.Bd3 Bd6
16.Ke2 Rac8 17.Bd2 Nd5 18.Ra4 h5 19.h4 Be5 20.f4 Bd6 21.g3 Rhd8 22.Rd1 Ke8
23.Rc4 Rxc4 24.Bxc4 Bb4 25.Bxd5 Bxd2 26.Bxe6 Bxa5 27.Rxd8+ Bxd8 28.Bc8 a5
29.Bxb7 g6 30.e4 Ke7 31.Bd5 Bb6 32.b3 Kf6 33.Kf3 Kg7 34.Bc4 Bc5 35.Bb5 Bb6
36.e5 Bd4 37.Bc4 Bc3 38.Bd5 Bd4 39.g4 hxg4+ 40.Kxg4 Bf2 41.Kg5 Bd4 42.Kg4 Bf2
43.h5 gxh5+ 44.Kxh5 f6  1/2-1/2

[Event "National Open 2012"]
[Site "Las Vegas USA"]
[Date "2012.06.16"]
[Round "3"]
[White "Belakovskaia,A"]
[Black "Xia,Yusheng"]
[Result "1-0"]
[WhiteElo "2267"]
[BlackElo "2079"]

1.c4 c6 2.d4 d5 3.e3 Nf6 4.Qc2 e6 5.Nd2 Be7 6.Bd3 Nbd7 7.Ngf3 O-O 8.O-O Qc7
9.b3 Rd8 10.Bb2 h6 11.Rae1 dxc4 12.Nxc4 Nd5 13.Qc1 Bb4 14.Re2 b6 15.Bb1 Bb7
16.Qc2 Nf8 17.Nfe5 Rac8 18.f4 Be7 19.f5 exf5 20.Qxf5 Nf6 21.e4 Rb8 22.Ne3 Bc8
23.Qf3 Be6 24.Rc2 c5 25.d5 Bd6 26.N3c4 Bd7 27.Nxd6 Qxd6 28.Nxf7 Bg4 29.Nxh6+ gxh6
30.Qxf6  1-0

[Event "National Open 2012"]
[Site "Las Vegas USA"]
[Date "2012.06.16"]
[Round "3"]
[White "Lenderman,A"]
[Black "Zierk,S"]
[Result "1-0"]
[WhiteElo "2587"]
[BlackElo "2483"]

1.c4 c6 2.e4 d5 3.exd5 cxd5 4.cxd5 Nf6 5.Nc3 Nxd5 6.Nf3 Nc6 7.Bb5 a6 8.Bxc6+ bxc6
9.O-O Nxc3 10.bxc3 e6 11.d4 Bd6 12.Ng5 Be7 13.Qh5 Bxg5 14.Bxg5 Qd5 15.Rfe1 O-O
16.Re5 Qd6 17.Bf6 gxf6 18.Re3 e5 19.Qh6 Kh8 20.dxe5 Qd8 21.Rd3  1-0

[Event "26th Pula Open"]
[Site "Pula CRO"]
[Date "2012.06.16"]
[Round "9.22"]
[White "Mihalinec,D"]
[Black "Andersen,L NOR"]
[Result "1-0"]
[WhiteElo "2175"]
[BlackElo "2287"]

1.c4 c6 2.Nf3 d5 3.b3 Bf5 4.g3 Nf6 5.Bg2 Qc8 6.h3 e6 7.Nc3 h6 8.Bb2 Nbd7
9.Rc1 Qb8 10.d3 Bd6 11.O-O Bh7 12.cxd5 exd5 13.e4 dxe4 14.Nxe4 O-O 15.Nxf6+ Nxf6
16.Bxf6 gxf6 17.Qd2 Kg7 18.Rc4 Bg6 19.Nh4 Re8 20.Rg4 h5 21.Nf5+ Kg8 22.Qh6 Bf8
23.Rxg6+ fxg6 24.Qxg6+ Kh8 25.Qxh5+ Kg8 26.Qg6+ Kh8 27.Qxf6+ Kg8 28.Qg6+ Kh8
29.Qf7 Qe5 30.Be4 Bg7 31.Qxb7 Rac8 32.Qxg7+ Qxg7 33.Nxg7 Kxg7 34.f4 c5 35.Kg2 Rcd8
36.Kf3 Re6 37.Rc1 Ra6 38.Rc2 Ra5 39.h4 Rd6 40.g4 Rda6 41.a4 Rd6 42.g5  1-0

[Event "16th Voronezh Master Open"]
[Site "Voronezh RUS"]
[Date "2012.06.16"]
[Round "5.33"]
[White "Gorshkov,Yury"]
[Black "Gusarov,G"]
[Result "1-0"]
[WhiteElo "2267"]
[BlackElo "2349"]

1.c4 c6 2.Nf3 d5 3.e3 Nf6 4.b3 Bg4 5.h3 Bf5 6.g4 Bg6 7.Bb2 Nbd7 8.Nh4 Be4
9.f3 Qc7 10.Kf2 Bxb1 11.Rxb1 h6 12.cxd5 cxd5 13.Nf5 e6 14.Nd4 a6 15.Rc1 Qb6
16.Be2 g6 17.f4 Bg7 18.d3 O-O 19.Ba3 Rfe8 20.Qd2 a5 21.Nf3 a4 22.Bb4 axb3
23.axb3 e5 24.fxe5 Nxe5 25.Nxe5 Rxe5 26.Bc5 Qxb3 27.Rb1 Qa4 28.Qb4 Qe8 29.Qxb7 Nd7
30.Bd4 Re7 31.Qxd5 Ra5 32.Qc4 Bxd4 33.Qxd4 Rae5 34.e4 Nc5 35.Rb2 Rd7 36.Qe3 Qd8
37.Rd1 Nxe4+ 38.dxe4 Rxd1 39.Bxd1 Qxd1 40.Kg2 Qd6 41.Qf3 h5 42.Re2 Rg5 43.Qg3 Qe6
44.Qf4 Rb5 45.e5 hxg4 46.hxg4 Rc5 47.Kg3 Rc3+ 48.Kh4 Rc4 49.Qf3 Rc1 50.Kg5 Rc4
51.Re3 Ra4 52.Re2 Kf8 53.Re3 Ke8 54.Re2 Ra6 55.Qf6 Qc4  1-0

[Event "National Open 2012"]
[Site "Las Vegas USA"]
[Date "2012.06.17"]
[Round "5"]
[White "Belakovskaia,A"]
[Black "Mc Entee,T"]
[Result "1-0"]
[WhiteElo "2267"]
[BlackElo "2166"]

1.c4 c6 2.d4 d5 3.Nf3 Nf6 4.Qc2 e6 5.Bg5 Nbd7 6.Nbd2 Be7 7.e3 h6 8.Bf4 O-O
9.g4 Ne8 10.h4 f5 11.gxf5 Rxf5 12.Bh3 Rf6 13.O-O-O Nf8 14.Ne5 Bd6 15.Ndf3 Bd7
16.c5 Bc7 17.Rdg1 b6 18.Nh2 bxc5 19.dxc5 Qb8 20.Nhg4  1-0

[Event "Teplice Open 2012"]
[Site "Teplice CZE"]
[Date "2012.06.18"]
[Round "3.25"]
[White "Riha,Jaroslav"]
[Black "Vales,V"]
[Result "1/2-1/2"]
[WhiteElo "1945"]
[BlackElo "2179"]

1.c4 c6 2.g3 d5 3.cxd5 cxd5 4.Bg2 Nf6 5.Nf3 Nc6 6.O-O e6 7.d3 Be7 8.Nc3 O-O
9.a3 Re8 10.b4 a6 11.Bd2 Bd7 12.Rc1 b5 13.Qb3 Qb6 14.e4 d4 15.Ne2 h6 16.Qb2 e5
17.Rxc6 Bxc6 18.Nxe5 Bb7 19.Nxd4 Bd6 20.Nef3 Bf8 21.h3 Qd8 22.Be3 Qd7 23.Nd2 a5
24.Qb3 axb4 25.axb4 Red8 26.N2f3 Ra4 27.Bd2 Rda8 28.Bc3 Ra3 29.Qb2 Ra2 30.Qb1 R2a3
31.Qb2 Ra2 32.Qb1 R2a3 33.Qb2  1/2-1/2

[Event "5th Karen Asrian Memorial"]
[Site "Jermuk ARM"]
[Date "2012.06.20"]
[Round "5.11"]
[White "Guramishvili,S"]
[Black "Petrosyan,M"]
[Result "1-0"]
[WhiteElo "2408"]
[BlackElo "2291"]

1.c4 c6 2.Nf3 d5 3.e3 Nf6 4.Qc2 e6 5.b3 Bd6 6.Bb2 Nbd7 7.g4 h6 8.Rg1 Qc7
9.h3 Ne5 10.Nxe5 Bxe5 11.d4 Bd6 12.c5 Be7 13.Nd2 Nd7 14.b4 a5 15.b5 e5 16.b6 Qd8
17.a4 e4 18.O-O-O Bh4 19.f3 Bf2 20.Rg2 Bxe3 21.fxe4 Nf6 22.exd5 Nxd5 23.Kb1 Bxd2
24.Qxd2 Be6 25.Re1 Qg5 26.Bc1 Qxd2 27.Bxd2 Kd7 28.Kb2 Rhe8 29.Bc4 Nf4 30.Bxe6+ Nxe6
31.Rf2 f6 32.Rf3 Ng5 33.Rfe3 Rxe3 34.Rxe3 Re8 35.Rxe8 Kxe8 36.Bxa5 Nxh3 37.Bd2 Nf2
38.a5 Kd7 39.Kc2 Nxg4 40.Bf4 Kc8 41.Kd3 f5 42.d5 Nf6 43.a6  1-0

[Event "5th Svein Memorial"]
[Site "Oslo NOR"]
[Date "2012.06.22"]
[Round "3"]
[White "Christiansen,Johan-Sebastian"]
[Black "Rodsmoen,Maud"]
[Result "1-0"]
[WhiteElo "1995"]
[BlackElo "1778"]

1.c4 c6 2.g3 Nf6 3.Nf3 d5 4.Bg2 Bf5 5.O-O e6 6.b3 Be7 7.Bb2 O-O 8.d3 Nbd7
9.Nbd2 Qc7 10.Qc2 Rac8 11.Rac1 Bd6 12.Rfe1 Bg6 13.Nh4 Ng4 14.e4 dxe4 15.dxe4 Bc5
16.Re2 Qb6 17.Rf1 Ndf6 18.h3 Nxf2 19.Rexf2 Bxf2+ 20.Rxf2 Nh5 21.g4 Nf4 22.c5 Qc7
23.Qc3 f6 24.Qe3 Nxg2 25.Nxg2 e5 26.Nc4 Rcd8 27.Nd6 b6 28.Rd2 bxc5 29.Qxc5 Rd7
30.Ne3 Qb6 31.Ba3 Rfd8 32.Nec4 Qxc5+ 33.Bxc5 h5 34.Kf2 hxg4 35.hxg4 Bf7 36.Na5 Be6
37.Kf3 Rc7 38.Rh2 Rcd7 39.Rd2 Rc7 40.b4 Kh7 41.Be3 Bxa2 42.Nab7 Rdd7 43.Rxa2 Rxb7
44.Nxb7 Rxb7 45.Bc5 Rd7 46.Rxa7 Rd3+ 47.Kf2 Rd2+ 48.Ke3 Rg2 49.Kf3 Rb2 50.Bf8 Rb3+
51.Kf2 Rb2+ 52.Kg3 Re2 53.Kf3 Rb2 54.Rxg7+ Kh8 55.Rc7 Rb3+ 56.Kf2 Rb2+ 57.Kg3 Rb3+
58.Kh4 Re3 59.Rxc6 Rxe4 60.Rxf6 Re1 61.Kg5 e4 62.Kg6 Kg8 63.Bg7 Rf1 64.Rxf1 e3
65.Rf8+  1-0

[Event "Paleros Open"]
[Site "Paleros GRE"]
[Date "2012.06.22"]
[Round "8"]
[White "Pappas,An"]
[Black "Duport,N SUI"]
[Result "0-1"]
[WhiteElo "2044"]
[BlackElo "2214"]

1.c4 c6 2.d4 d5 3.Nc3 Nf6 4.e3 a6 5.b3 Bf5 6.Nf3 e6 7.Ne5 Nbd7 8.Be2 Bd6
9.f4 Bb4 10.Bd2 Bxc3 11.Bxc3 Nxe5 12.fxe5 Ne4 13.Bb4 Qh4+ 14.g3 Nxg3 15.hxg3 Qxh1+
16.Kf2 Qxd1 17.Rxd1 Kd7 18.g4 Be4 19.Kg3 a5 20.Bd6 a4 21.b4 dxc4 22.Bxc4 Bd5
23.Rc1 h5 24.g5 f6 25.Bxd5 exd5 26.Rf1 fxg5 27.Rf7+ Ke6 28.Rxg7 Rag8 29.Rxb7 h4+
30.Kg4 Re8 31.Rg7 h3 32.Rg6+ Kf7 33.Kf5 h2 34.e6+ Rxe6 35.Rxe6 h1=Q 36.Re7+ Kg8
37.Re8+ Kh7 38.Re7+ Kh6  0-1

[Event "HSG Open A 2012"]
[Site "Hilversum NED"]
[Date "2012.06.23"]
[Round "3.1"]
[White "Miezis,N"]
[Black "Jonkman,H"]
[Result "1/2-1/2"]
[WhiteElo "2577"]
[BlackElo "2417"]

1.c4 c6 2.e4 d5 3.exd5 cxd5 4.cxd5 Nf6 5.Nc3 a6 6.Qb3 Nbd7 7.d4 Nb6 8.Nf3 g6
9.Bg5 Bg7 10.h4 h6 11.Bxf6 exf6 12.h5 g5 13.Bd3 O-O 14.O-O-O a5 15.a4 Qd6
16.Bc2 Rd8 17.Nd2 f5 18.Kb1 Nxd5 19.Nc4 Qc6 20.Nxd5 Qxd5 21.Nb6 Qxb3 22.Bxb3 Ra6
23.Nxc8 Rxc8 24.Rhe1 Kf8 25.d5 Re8 26.Bc4 Rxe1 27.Rxe1 Rd6 28.Bb5 Bd4 29.f3 g4
30.Bc4 gxf3 31.gxf3 Rd7 32.Rd1 Bc5 33.Bb5 Rd8 34.Kc2 Ke7 35.Kb3 Kf6 36.Kc4 Bd6
37.Rg1 Be5 38.Rg2 Rc8+ 39.Kd3 Rc1 40.Bd7 Rc7 41.Bb5 Rc1 42.Bd7 Rc7 43.Bb5  1/2-1/2

[Event "5th Karen Asrian Memorial"]
[Site "Jermuk ARM"]
[Date "2012.06.24"]
[Round "9.12"]
[White "Petrosyan,T1"]
[Black "Mikaelyan,A"]
[Result "0-1"]
[WhiteElo "2315"]
[BlackElo "2216"]

1.c4 c6 2.Nf3 d5 3.e3 Nf6 4.Nc3 e6 5.b3 Nbd7 6.d4 Bb4 7.Bd2 O-O 8.Bd3 Qe7
9.cxd5 exd5 10.O-O Re8 11.Re1 Nf8 12.h3 Ng6 13.Qc2 Qd6 14.Nb1 Bd7 15.Bxb4 Qxb4
16.Nc3 Qd6 17.Rab1 Re7 18.b4 Rae8 19.b5 Ne4 20.bxc6 bxc6 21.Rec1 Qf6 22.Bxe4 dxe4
23.Nd2 Bf5 24.Ne2 Re6 25.Ng3 Nh4 26.Qa4 Qh6 27.Qxa7 Nxg2 28.Nxf5 Qxh3 29.Rb8 h5
30.Rxe8+ Rxe8 31.Nd6 Rf8 32.Qe7 Qg4 33.f3 exf3 34.Kf2 Nf4 35.exf4 Qg2+ 36.Ke1 f2+
37.Kd1 f1=Q+ 38.Nxf1 Qxf1+ 39.Kc2 Qf2+ 40.Kc3 Qf3+ 41.Kc2 Qf2+ 42.Kb3 Qxf4
43.Re1 Ra8 44.Nc4 Qf3+ 45.Qe3 Qf5 46.Kc3 g6 47.Re2 Qf1 48.a3 Qa1+ 49.Kb4 Rb8+
50.Kc5 Qb1 51.Rb2 Rxb2 52.Nxb2 Qxb2 53.Kxc6 Qc2+ 54.Kb6 Qb2+ 55.Kc7 Qh2+
56.Kd7 h4 57.d5 Qg3 58.Qh6 h3 59.d6 h2 60.Kc7 Qc3+  0-1

[Event "5th Karen Asrian Memorial"]
[Site "Jermuk ARM"]
[Date "2012.06.24"]
[Round "9.13"]
[White "Chibukhchian,A"]
[Black "Petrosyan,M"]
[Result "1/2-1/2"]
[WhiteElo "2494"]
[BlackElo "2291"]

1.c4 c6 2.e4 d5 3.exd5 cxd5 4.d4 Nf6 5.Nc3 e6 6.Nf3 Bb4 7.cxd5 Nxd5 8.Bd2 Nc6
9.Bd3 O-O 10.O-O Nf6 11.Bg5 Be7 12.Re1 h6 13.Bf4 Bd6 14.Be5 b6 15.a3 Bb7
16.Qe2 Qe7 17.Bxf6 Qxf6 18.d5 Nd8 19.Bc4 exd5 20.Bxd5 Bxd5 21.Nxd5 Qf5 22.Rad1 Kh8
23.Ne3 Qg6 24.Nc4 Bc7 25.Nfe5 Bxe5 26.Nxe5 Qf5 27.Nd7 Rg8 28.Qe5 Qxe5 29.Nxe5 Kh7
30.Rd7 Re8 31.Kf1 f6 32.Nc4 Rxe1+ 33.Kxe1 Nc6 34.Rc7 Re8+ 35.Kd2 Re6 36.b4 b5
37.Ne3 Kg6 38.g4 Kg5 39.Rxg7+ Kf4 40.Rb7 Rd6+ 41.Kc3 Nd4 42.Rxa7 Ne2+ 43.Kc2 Kf3
44.Nf5 Rc6+ 45.Kd2 Kxf2 46.Rd7 Rc4 47.Nxh6 Nd4 48.Rd6 Nb3+ 49.Kd3 Nc1+  1/2-1/2

[Event "15th Vins du Medoc"]
[Site "Naujac sur Mer FRA"]
[Date "2012.06.25"]
[Round "3.6"]
[White "Marholev,D"]
[Black "Van Delft,M"]
[Result "1/2-1/2"]
[WhiteElo "2370"]
[BlackElo "2408"]

1.c4 c6 2.d4 d5 3.cxd5 cxd5 4.Nf3 Nf6 5.Nc3 Nc6 6.Bf4 Nh5 7.Be5 f6 8.Bg3 Nxg3
9.hxg3 e5 10.e3 Bb4 11.Rc1 a6 12.a3 Bxc3+ 13.Rxc3 O-O 14.Be2 Be6 15.b4 exd4
16.Nxd4 Nxd4 17.Qxd4 Rc8 18.Bd3 g6 19.Rxc8 Qxc8 20.O-O Qc7 21.f4 f5 22.Rd1 Rc8
23.Be2 Qc3 24.Qb6 Qc6 25.Qxc6 Rxc6 26.Rd3 Rc1+ 27.Kf2 Rc2 28.Ke1 Kf7 29.Bf3 Ke7
30.Kd1  1/2-1/2

[Event "65th ch-RUS HL"]
[Site "Tyumen RUS"]
[Date "2012.06.27"]
[Round "11"]
[White "Shimanov,A"]
[Black "Potkin,V"]
[Result "0-1"]
[WhiteElo "2600"]
[BlackElo "2642"]

1.c4 c6 2.Nf3 d5 3.g3 Nf6 4.Bg2 dxc4 5.O-O Nbd7 6.Na3 Nb6 7.Qc2 Be6 8.Ne5 Qd4
9.Nxc6 bxc6 10.Bxc6+ Kd8 11.d3 cxd3 12.Rd1 dxc2 13.Rxd4+ Bd7 14.Bxa8 Nxa8
15.Nxc2 Nb6 16.Bf4 e6 17.Bd6 Bxd6 18.Rxd6 Ke7 19.Rdd1 Rb8 20.f3 g5 21.b3 g4
22.Rac1 gxf3 23.exf3 Nbd5 24.Nd4 a5 25.Rd2 a4 26.bxa4 Ra8 27.Nc6+ Kd6 28.Nb4 Rxa4
29.Nd3 Ra3 30.Kf2 Bb5 31.Nb4 Ra4 32.Rb1 Bc4 33.Rbb2 Nd7 34.Nd3 Ra3 35.Ne1 Ne5
36.h3 Ke7 37.f4 Nd7 38.Rbc2 Ne3 39.Rb2 Nc5 40.Kg1 Bd5 41.Nc2 Nxc2 42.Rdxc2 Ne4
43.g4 Rxh3 44.Rh2 Rg3+ 45.Rhg2 Rd3 46.Kh2 Nf6 47.Rg3 Rd4 48.a3 Rxf4 49.Rb4 Rf2+
50.Kh3 Ne4 51.Re3 f5 52.gxf5 exf5 53.a4 Be6 54.Kh4 Rf4+  0-1

[Event "30th Greek Cup 2012"]
[Site "Achaea GRE"]
[Date "2012.06.28"]
[Round "1.3"]
[White "Nikolaidis,I"]
[Black "Mastrovasilis,D"]
[Result "0-1"]
[WhiteElo "2557"]
[BlackElo "2612"]

1.c4 c6 2.Nf3 d5 3.g3 Bg4 4.Qb3 Bxf3 5.Qxf3 Nf6 6.Bg2 e6 7.O-O Nbd7 8.Qb3 Qb6
9.Qc2 Bd6 10.d3 O-O 11.Nc3 a5 12.Rb1 Qa6 13.b3 Rac8 14.d4 Rfe8 15.e4 dxe4
16.Nxe4 Nxe4 17.Bxe4 Nf6 18.Bd3 c5 19.Bb2 cxd4 20.Bxd4 e5 21.Bb2 e4 22.Be2 Be5
23.Rbd1 h5 24.Bc1 Qe6 25.Rfe1 h4 26.Bf1 Rcd8 27.Be3 Qf5 28.Rxd8 Rxd8 29.Bg2 Rd3
30.Qe2 Bd4 31.Bxd4 Rxd4 32.Qe3 Rd3 33.Qa7 Rd2 34.gxh4 Rxa2 35.Qb8+ Kh7 36.Qg3 g6
37.h3 Rb2 38.Re3 Rb1+ 39.Kh2 Nh5  0-1

[Event "Stockholm Master Open 2012"]
[Site "Stockholm SWE"]
[Date "2012.06.29"]
[Round "3.10"]
[White "Aroven,M"]
[Black "Johansson,G1"]
[Result "0-1"]
[WhiteElo "2138"]
[BlackElo "2224"]

1.c4 c6 2.Nf3 d5 3.e3 Nf6 4.b3 Bg4 5.Be2 Nbd7 6.Bb2 e6 7.h3 Bh5 8.O-O Bd6
9.Nc3 O-O 10.cxd5 exd5 11.Nd4 Bxe2 12.Ncxe2 Re8 13.f4 Bf8 14.Nf3 Ne4 15.Qc2 Be7
16.d3 Nd6 17.Ng3 Bf6 18.Bxf6 Qxf6 19.Rae1 Nf5 20.Nxf5 Qxf5 21.Nd4 Qf6 22.b4 a5
23.b5 c5 24.Nb3 Rec8 25.Nd2 h6 26.Kh1 a4 27.e4 Qd6 28.e5 Qb6 29.f5 Re8 30.Nf3 Qxb5
31.f6 g6 32.e6 Nxf6 33.Qd2 Kg7 34.Qf4 Qxd3 35.exf7 Rxe1 36.Rxe1 Rf8 37.Qc7 Ne4
38.Ne5 Qg3 39.Rf1 Nf2+ 40.Rxf2 Qxf2 41.Qd6 Qe1+ 42.Kh2 Qe4 43.g4 g5 44.Kg3 c4
45.h4 gxh4+ 46.Kxh4 c3  0-1

[Event "TCh-CHN 2012"]
[Site "Taizhou CHN"]
[Date "2012.06.29"]
[Round "7"]
[White "Bu Xiangzhi"]
[Black "Wang,Tongsen"]
[Result "1-0"]
[WhiteElo "2668"]
[BlackElo "2112"]

1.c4 c6 2.Nf3 Nf6 3.d4 d5 4.Qb3 e6 5.Bg5 Nbd7 6.Nc3 Be7 7.e3 O-O 8.Be2 b6
9.O-O Bb7 10.Rfd1 Rc8 11.Rac1 c5 12.Ne5 cxd4 13.exd4 Nxe5 14.dxe5 Nd7 15.Be3 Bc5
16.Bxc5 Nxc5 17.Qa3 Qg5 18.cxd5 exd5 19.Bf1 Qxe5 20.Qxa7 d4 21.Nb5 d3 22.b4 Rc6
23.bxc5 Rh6 24.g3 Qd5 25.c6 Bxc6 26.Rxc6 Rxc6 27.Bxd3 Qf3 28.Qa4 Rf6 29.Qc2 g6
30.Be4 Qh5 31.a4 Re8 32.Nc7  1-0

[Event "9th Philadelphia International"]
[Site "Philadelphia USA"]
[Date "2012.06.30"]
[Round "4"]
[White "Burnett,R"]
[Black "Aaron,D"]
[Result "1/2-1/2"]
[WhiteElo "2360"]
[BlackElo "2263"]

1.c4 c6 2.Nc3 d5 3.e3 Nf6 4.Nf3 a6 5.Qc2 g6 6.b3 Bg7 7.Bb2 b5 8.cxd5 b4 9.Ne4 Bf5
10.Nxf6+ Bxf6 11.d3 cxd5 12.Bxf6 exf6 13.Nd4 Be6 14.Qc5 a5 15.Rc1 Na6 16.Qc6+ Ke7
17.Qb5 Qd7 18.Be2 Qxb5 19.Nxb5 Rhb8 20.Nd4 Rc8 21.Kd2 Nc5 22.Rc2 Bd7 23.Bf3 Kd6
24.Rhc1 a4 25.bxa4 Rxa4 26.Bd1 Ra3 27.Be2 Ra5 28.Rb1 Ne6 29.Rxc8 Nxd4 30.exd4 Bxc8
31.Rb2 Bd7 32.Ke3 Ra3 33.f4 h5 34.h3 f5 35.Bd1 Ba4 36.Bf3 b3 37.axb3 Bxb3
38.Kf2 Ba4 39.Rb7 Bd7 40.Ke3 Be6 41.Kd2 Kc6 42.Rb2 Bd7 43.Bd1 Kd6 44.Bc2 Bc6
45.Bd1 Ra1 46.Bf3 Ra3 47.Rb8 Kd7 48.Kc2 Ba4+ 49.Kb2 Rxd3 50.Bxd5 Rxd4 51.Bxf7 Rxf4
52.Bxg6 h4 53.Ra8 Bd1 54.Kc3 Ke6 55.Ra6+ Ke5 56.Kd2 Bb3 57.Ke3 Rf1 58.Ra5+ Kf6
59.Bh5 f4+ 60.Kd4 Re1 61.Bg4 Bc2 62.Rh5 Bg6 63.Rxh4 Re4+ 64.Kd5 Re5+ 65.Kd6 Re3
66.Bf3 Kg5 67.Rh8 Be4 68.Rg8+ Kh6 69.Bxe4 Rxe4 70.Rg4 Kh5 71.g3 Re3 72.gxf4 Rxh3
73.Rg5+ Kh6 74.Ke6 Ra3 75.Rg8 Ra6+ 76.Kf5 Ra5+ 77.Kg4 Kh7 78.Rg5 Rxg5+ 79.Kxg5  1/2-1/2

[Event "XXI Adolf Anderssen Mem Prelim"]
[Site "Wroclaw POL"]
[Date "2012.06.30"]
[Round "6"]
[White "Piorun,K"]
[Black "Sadzikowski,D"]
[Result "1-0"]
[WhiteElo "2488"]
[BlackElo "2392"]

1.c4 c6 2.e4 e5 3.Nf3 d6 4.d4 Nd7 5.Nc3 Be7 6.Be2 Ngf6 7.O-O O-O 8.Re1 a6
9.Bf1 Qc7 10.Bg5 Re8 11.Qc2 Nf8 12.h3 b5 13.Rad1 Ne6 14.Be3 b4 15.Ne2 c5
16.d5 Nd4 17.Nexd4 cxd4 18.Bd2 a5 19.Ra1 Rb8 20.Nh2 Nd7 21.f4 Bh4 22.Red1 f5
23.Nf3 Bf6 24.fxe5 dxe5 25.exf5 e4 26.Ng5 Qa7 27.Kh1 e3 28.Ne6 exd2 29.c5 b3
30.axb3 Rxe6 31.fxe6 Nxc5 32.Bc4 d3 33.Bxd3 Nxd3 34.Qxd3 Bxb2 35.Ra4 Bc1
36.Rf4 Ba6 37.Qe4 Re8 38.Rf7 Qxf7 39.exf7+ Kxf7 40.Qf4+ Kg8 41.Rxd2 Rf8 42.Qd4 Bxd2
43.Qxd2 Bb7 44.Qxa5  1-0

[Event "40th TCh-GRE 2012"]
[Site "Achaea GRE"]
[Date "2012.07.01"]
[Round "2.8"]
[White "Mastrovasilis,A"]
[Black "Prohaszka,P2"]
[Result "1/2-1/2"]
[WhiteElo "2537"]
[BlackElo "2554"]

1.c4 c6 2.Nf3 d5 3.g3 Nf6 4.Bg2 Bg4 5.O-O e6 6.d3 Be7 7.cxd5 Bxf3 8.Bxf3 cxd5
9.Nc3 Nc6 10.Bg2 O-O 11.Bd2 Rc8 12.Rc1 Qb6 13.Na4 Qa6 14.a3 Nd7 15.Nc3 b5
16.Kh1 Qb6 17.f4 a5 18.f5 b4 19.axb4 axb4 20.Na4 Qb5 21.fxe6 fxe6 22.Bh3 Nd4
23.Rxc8 Rxc8 24.e3 Nf5 25.e4 dxe4 26.dxe4 Qc6 27.Bf4 Qxe4+ 28.Bg2 Qd4 29.g4 Qxd1
30.Rxd1 Nd6 31.Bxd6 Bxd6 32.Rxd6 Rc1+ 33.Bf1 Rxf1+ 34.Kg2 Ra1 35.Rxd7 Rxa4  1/2-1/2

[Event "40th TCh-GRE 2012"]
[Site "Achaea GRE"]
[Date "2012.07.01"]
[Round "3.13"]
[White "Zubarev,Al1"]
[Black "Sarandos,V"]
[Result "1-0"]
[WhiteElo "2600"]
[BlackElo "2241"]

1.c4 c6 2.e4 d5 3.exd5 cxd5 4.d4 Nf6 5.Nc3 Nc6 6.Bg5 dxc4 7.Bxc4 h6 8.Be3 e6
9.Nf3 Be7 10.O-O O-O 11.Rc1 a6 12.Ne5 Nxe5 13.dxe5 Qxd1 14.Rfxd1 Nd7 15.f4 g5
16.Ne4 gxf4 17.Bxf4 Rd8 18.Rc3 Nf8 19.Rxd8 Bxd8 20.Rg3+ Ng6 21.Bxh6 Bd7 22.Nd6 Bb6+
23.Be3 Bxe3+ 24.Rxe3 Bc6 25.Bd3 Nxe5 26.Rxe5 Rd8 27.Rg5+ Kf8 28.Nxf7 Rxd3
29.Ne5 Rd1+ 30.Kf2 Rd2+ 31.Ke3 Rxb2 32.Nxc6 bxc6 33.h4 Rxa2 34.h5 Ra1 35.g4 Kf7
36.Rc5 Ra4 37.Kf3 Rb4 38.Rxc6 a5 39.Rc5 a4 40.Ra5 Rc4 41.Kg3 Rd4 42.g5 Rd3+
43.Kf4 Rd4+ 44.Kf3 Rd3+ 45.Ke4 Rh3 46.Ra7+ Kg8 47.Ke5 Rf3 48.Kxe6 a3 49.h6 Rb3
50.Kf5 Rb5+ 51.Kg6 Rb6+ 52.Kh5 Rb3 53.h7+ Kh8 54.Kh6  1-0

[Event "40th TCh-GRE 2012"]
[Site "Achaea GRE"]
[Date "2012.07.03"]
[Round "5.15"]
[White "Georgakopoulos,N"]
[Black "Sarandos,V"]
[Result "1-0"]
[WhiteElo "2337"]
[BlackElo "2241"]

1.c4 c6 2.e4 d5 3.exd5 cxd5 4.cxd5 Nf6 5.Nc3 Nxd5 6.Nf3 Nc6 7.d4 Bg4 8.Qb3 Bxf3
9.gxf3 e6 10.Qxb7 Nxd4 11.Bb5+ Nxb5 12.Qc6+ Ke7 13.Qxb5 Qd7 14.Nxd5+ Qxd5
15.Bg5+ f6 16.Qxd5 exd5 17.Be3 Ke6 18.O-O-O Bb4 19.a3 Rhc8+ 20.Kb1 Bc5 21.Rhe1 Kd6
22.Rd3 Bxe3 23.Rdxe3 Rc4 24.Re6+ Kc5 25.Rg1 Rf4 26.Rc1+ Kd4 27.Rd1+ Kc4 28.Rc6+ Kb5
29.Rd6 Rxf3 30.R1xd5+ Kc4 31.Rd2 Rb8 32.Ka2 Rb6 33.R6d5 Rf4 34.Ra5 g5 35.Rxa7 h5
36.Ra4+ Kc5 37.Rc2+ Kd5 38.Rxf4 gxf4 39.b4 Kd4 40.Kb3 Kd3 41.a4 f3 42.b5 Re6
43.Rc6 Re1 44.Rc3+ Ke2 45.Rc2+ Kf1 46.b6 Re6 47.a5 Re5 48.Kc4  1-0

[Event "40th TCh-GRE 2012"]
[Site "Achaea GRE"]
[Date "2012.07.04"]
[Round "6.4"]
[White "Papadopoulos,Ar"]
[Black "Themelis,G"]
[Result "1-0"]
[WhiteElo "1786"]
[BlackElo "1729"]

1.c4 c6 2.e4 d5 3.cxd5 cxd5 4.exd5 Qxd5 5.Nc3 Qa5 6.Bc4 e6 7.d4 Nf6 8.Bd2 Qd8
9.Nf3 Be7 10.O-O O-O 11.Bf4 a6 12.Qe2 b5 13.Bb3 Bb7 14.Rac1 h6 15.Rfe1 Bd6
16.Ne5 Bxe5 17.dxe5 Nd5 18.Nxd5 Bxd5 19.Red1 Ra7 20.Bc2 f5 21.exf6 Qxf6 22.Be3 Bc4
23.Qg4 Rd7 24.b3 Bd5 25.Be4 h5 26.Qg6 Bxe4 27.Qxe4 Rfd8 28.Rxd7 Rxd7 29.h3 Rd8
30.Bb6 Re8 31.Bd4 e5 32.Bb2 Nd7 33.Rc6 Qe7 34.Rxa6 Qf7 35.Ra7 Qe6 36.Ra8 Rxa8
37.Qxa8+ Kf7 38.Qb7 Ke7 39.Qxb5 Qd6 40.Qa5 Qd1+ 41.Kh2 Qe2 42.Ba3+ Ke6 43.Bc5 Nf6
44.Qa8 Ne4 45.Qg8+ Kf6 46.Qf8+ Ke6 47.a4 Qc2 48.Qe7+ Kf5 49.Qf7+ Nf6 50.Qc4 Qd1
51.a5 g5 52.a6 Qa1 53.a7 g4 54.Qa4 Qc1 55.Be3 Qc7 56.a8=Q e4+ 57.g3 Qc2 58.Q4a5+ Kg6
59.Qg5+ Kf7 60.Qb7+ Ke6 61.Qb6+  1-0

[Event "Mulhouse IM 2012"]
[Site "Mulhouse FRA"]
[Date "2012.07.04"]
[Round "4.1"]
[White "Bellahcene,B"]
[Black "Botta,Ga"]
[Result "1-0"]
[WhiteElo "2344"]
[BlackElo "2334"]

1.c4 c6 2.Nf3 Nf6 3.e3 d5 4.Nc3 e6 5.b3 Bd6 6.Bb2 O-O 7.Qc2 b6 8.Be2 Bb7
9.Rg1 Qe7 10.g4 Ba3 11.g5 Nfd7 12.Bxa3 Qxa3 13.h4 Na6 14.h5 Qe7 15.Rg3 dxc4
16.Bxc4 Nb4 17.Qb1 c5 18.a3 Bxf3 19.Rxf3 Ne5 20.Rg3 Nxc4 21.bxc4 Nc6 22.Ne4 Kh8
23.Qb2 Qc7 24.f4 e5 25.h6 Rg8 26.hxg7+ Rxg7 27.f5 Qd7 28.f6 Rg6 29.Ke2 Rd8
30.Qc2 Qf5 31.d3 Rd4 32.Rf1 Qe6 33.Rh1 Qf5 34.Ke1 Rd8 35.Rgh3 Rgg8 36.Qh2  1-0

[Event "40th TCh-GRE 2012"]
[Site "Achaea GRE"]
[Date "2012.07.05"]
[Round "7.9"]
[White "Vlahos,K"]
[Black "Prohaszka,P2"]
[Result "0-1"]
[WhiteElo "2243"]
[BlackElo "2554"]

1.c4 c6 2.d4 d5 3.cxd5 cxd5 4.Nf3 Nc6 5.Nc3 Nf6 6.Bf4 a6 7.e3 Bg4 8.Be2 e6
9.h3 Bxf3 10.Bxf3 Be7 11.O-O O-O 12.Bg5 Nd7 13.Bxe7 Qxe7 14.Be2 Rfc8 15.Qd2 b5
16.a4 b4 17.Na2 Nf6 18.b3 Ne4 19.Qb2 f5 20.Rac1 Qh4 21.Bd3 a5 22.Bxe4 dxe4
23.Rc5 Ne7 24.Rfc1 Rf8 25.Qe2 Nd5 26.Rc6 Rae8 27.R1c5 f4 28.exf4 Nxf4 29.Qg4 Qxg4
30.hxg4 Ne2+ 31.Kf1 Nxd4 32.Rd6 Nxb3  0-1